[Event "CAN-op"]
[Site "Toronto CAN"]
[Date "1995.??.??"]
[Round "2"]
[White "Brodie, Hugh"]
[Black "Haddrath, Horst"]
[Result "1-0"]
[WhiteElo "2055"]
[BlackElo "1695"]
[PlyCount "171"]
[EventDate "1995.07.08"]
[EventType "swiss"]
[EventRounds "10"]
[EventCountry "CAN"]

1. e4 c5 2. Nf3 d6 3. c3 e6 4. d4 cxd4 5. cxd4 Be7 6. Nc3 a6 7. Bd3 h6 8. O-O
b5 9. Be3 Bb7 10. Rc1 Nf6 11. a3 Nh7 12. Qb3 Nc6 13. Rfd1 Na5 14. Qa2 Rc8 15.
Nd2 O-O 16. b4 Nc6 17. Nf3 Bg5 18. Nxg5 Nxg5 19. f4 Nh7 20. Qe2 Ne7 21. Qh5 Nf6
22. Qh3 d5 23. exd5 Nexd5 24. Nxd5 Nxd5 25. Rc5 Nxe3 26. Qxe3 Bd5 27. Rf1 f5
28. Rfc1 Qd7 29. Qe5 Rxc5 30. Rxc5 Rc8 31. Kf2 Rxc5 32. dxc5 Bxg2 33. Kxg2 Qxd3
34. Qxe6+ Kh7 35. Kf2 Qd2+ 36. Kf3 Qd3+ 37. Kf2 Qd2+ 38. Kf3 Qd3+ 39. Qe3 Qd5+
40. Kg3 h5 41. Qf3 Qf7 42. h3 g6 43. Qc3 Qe7 44. Qe5 h4+ 45. Kf2 Qb7 46. Qe6
Qa7 47. Qf6 Qd7 48. Qxh4+ Kg7 49. Qg3 Qd2+ 50. Kf1 Qd1+ 51. Kg2 Qe2+ 52. Qf2
Qe4+ 53. Kg3 Kf6 54. Qb2+ Ke6 55. Qe5+ Qxe5 56. fxe5 Kxe5 57. h4 Kd5 58. Kf4 a5
59. h5 gxh5 60. Kxf5 axb4 61. axb4 h4 62. Kg4 h3 63. Kxh3 Ke6 64. Kg4 Ke5 65.
Kf3 Kf5 66. Ke3 Ke5 67. Kd3 Kd5 68. Kc3 Ke5 69. Kd2 Ke6 70. Ke3 Ke5 71. Kf3 Kf5
72. Kg3 Ke5 73. Kg4 Ke6 74. Kf4 Kd5 75. Kf5 Kc6 76. Ke6 Kc7 77. Kd5 Kb7 78. Kd6
Ka7 79. Kd7 Kb7 80. c6+ Kb8 81. c7+ Ka7 82. c8=Q Kb6 83. Qc5+ Ka6 84. Qc6+ Ka7
85. Qxb5 Ka8 86. Kc7 1-0

[Event "CAN-op"]
[Site "Toronto CAN"]
[Date "1995.??.??"]
[Round "3"]
[White "Furlic, Mijo"]
[Black "Brodie, Hugh"]
[Result "0-1"]
[WhiteElo "1690"]
[BlackElo "2055"]
[PlyCount "68"]
[EventDate "1995.07.08"]
[EventType "swiss"]
[EventRounds "10"]
[EventCountry "CAN"]

1. d4 e6 2. Nf3 f5 3. a3 Nf6 4. Bf4 b6 5. e3 Bb7 6. h3 Ne4 7. Bd3 Be7 8. O-O
O-O 9. Nbd2 d6 10. c4 Bf6 11. Rc1 Nd7 12. b4 e5 13. Bh2 Nxd2 14. Nxd2 exd4 15.
exd4 Bxd4 16. Qc2 Qg5 17. g3 Ne5 18. Be2 Qh6 19. h4 Ng4 20. Nf3 Nxf2 21. Rxf2
Be4 22. Qd1 Bxf2+ 23. Kxf2 Rae8 24. Ng5 Qf6 25. Qd2 Bb7 26. Rf1 h6 27. Nh3 Re4
28. Bf3 Rd4 29. Qe2 Bxf3 30. Kxf3 Re4 31. Qd3 Rfe8 32. Qd5+ Kh8 33. Bg1 Qb2 34.
Qxf5 Qe2# 0-1

[Event "CAN-op"]
[Site "Toronto CAN"]
[Date "1995.??.??"]
[Round "5"]
[White "Brodie, Hugh"]
[Black "Janes, Miroslav"]
[Result "1/2-1/2"]
[WhiteElo "2055"]
[BlackElo "1725"]
[PlyCount "83"]
[EventDate "1995.07.08"]
[EventType "swiss"]
[EventRounds "10"]
[EventCountry "CAN"]

1. f4 d5 2. e3 Nf6 3. Nf3 c6 4. b3 g6 5. Bb2 Bg7 6. Be2 h5 7. O-O Nbd7 8. c4 e6
9. Nc3 Ne4 10. Qc2 Bxc3 11. Bxc3 Nxc3 12. Qxc3 f6 13. Rac1 Qe7 14. Bd3 Nf8 15.
Nh4 Rg8 16. Qc2 f5 17. Nf3 Nd7 18. Ng5 Nc5 19. cxd5 Nxd3 20. Qxd3 exd5 21. Qd4
Bd7 22. b4 Qg7 23. Qc5 Qe7 24. Qc3 O-O-O 25. b5 Kb8 26. bxc6 Bxc6 27. Rb1 Rc8
28. Qd4 b6 29. a4 Bb7 30. a5 Rc4 31. Qa1 bxa5 32. Qxa5 Qd7 33. Rb5 Rgc8 34. Nf3
Rc1 35. Ne5 Rxf1+ 36. Kxf1 Qe6 37. Kf2 g5 38. Qb4 Rc7 39. Qf8+ Rc8 40. Qb4 Rc7
41. Qf8+ Rc8 42. Qb4 1/2-1/2

[Event "CAN-op"]
[Site "Toronto CAN"]
[Date "1995.??.??"]
[Round "6"]
[White "Barankin, Garry"]
[Black "Brodie, Hugh"]
[Result "0-1"]
[WhiteElo "1705"]
[BlackElo "2055"]
[PlyCount "50"]
[EventDate "1995.07.08"]
[EventType "swiss"]
[EventRounds "10"]
[EventCountry "CAN"]

1. d4 e6 2. Nf3 f5 3. Bf4 Nf6 4. Nbd2 b6 5. e3 Bb7 6. Bd3 Be7 7. h3 O-O 8. Qe2
Ne4 9. O-O-O c5 10. g4 Nxd2 11. Rxd2 cxd4 12. exd4 Nc6 13. gxf5 Nxd4 14. Nxd4
Bxh1 15. f3 Bc5 16. Be4 Bxd4 17. Rxd4 Rc8 18. Rd1 d5 19. Bd3 Bxf3 20. Qxf3 exf5
21. Ba6 Rc5 22. Bb7 d4 23. Bd5+ Qxd5 24. Qg3 Qe4 25. Rd2 Rfc8 0-1

[Event "CAN-op"]
[Site "Toronto CAN"]
[Date "1995.??.??"]
[Round "8"]
[White "Haley, Phil"]
[Black "Brodie, Hugh"]
[Result "1/2-1/2"]
[WhiteElo "1905"]
[BlackElo "2055"]
[PlyCount "107"]
[EventDate "1995.07.08"]
[EventType "swiss"]
[EventRounds "10"]
[EventCountry "CAN"]

1. d4 e6 2. Nf3 f5 3. c4 Nf6 4. Nc3 Bb4 5. a3 Bxc3+ 6. bxc3 b6 7. a4 O-O 8. e3
Bb7 9. Be2 Ne4 10. Qc2 d6 11. O-O Nd7 12. Nd2 Qg5 13. Nf3 Qg6 14. Ne1 Ndf6 15.
f3 Ng5 16. Bd2 e5 17. Qb3 Kh8 18. a5 Bc6 19. Kh1 Rfe8 20. Nc2 Ne6 21. Rg1 Qh5
22. Qb1 Bd7 23. Qe1 Qh6 24. Qd1 f4 25. e4 g5 26. g4 Qg6 27. Rg2 Kg7 28. Kg1 Qf7
29. Kf2 Nf8 30. axb6 axb6 31. Nb4 Ng6 32. Nd5 Nxd5 33. cxd5 Nh4 34. Rg1 Qf6 35.
Qc2 Rec8 36. Rxa8 Rxa8 37. dxe5 dxe5 38. c4 Qd6 39. Rc1 Qc5+ 40. Kf1 h5 41. Qb2
Qe7 42. Bb4 Qe8 43. Bc3 Kf6 44. h3 hxg4 45. hxg4 Ng6 46. Rd1 Qd8 47. Kg2 Nh4+
48. Kf2 Ng6 49. Rh1 Qe7 50. Rh6 Kg7 51. Rh5 Rh8 52. Rxh8 Kxh8 53. Qa1 Kg7 54.
Qb2 1/2-1/2

[Event "CAN-op"]
[Site "Toronto CAN"]
[Date "1995.??.??"]
[Round "9"]
[White "Zator, Ed"]
[Black "Brodie, Hugh"]
[Result "0-1"]
[WhiteElo "1930"]
[BlackElo "2055"]
[PlyCount "68"]
[EventDate "1995.07.08"]
[EventType "swiss"]
[EventRounds "10"]
[EventCountry "CAN"]

1. e4 c5 2. Nf3 Nc6 3. d4 cxd4 4. Nxd4 g6 5. Be3 Bg7 6. Nc3 Nf6 7. Bc4 Qa5 8.
f3 Qb4 9. Bb3 Nxe4 10. Nxc6 Bxc3+ 11. bxc3 Qxc3+ 12. Ke2 dxc6 13. Bd4 e5 14.
Bxc3 Nxc3+ 15. Kf2 Nxd1+ 16. Raxd1 O-O 17. Rhe1 Re8 18. Re2 Kf8 19. Rd6 Be6 20.
Bxe6 Rxe6 21. Rxe6 fxe6 22. Rxe5 Ke7 23. Re2 Rd8 24. Ke3 Rd5 25. Rd2 Rxd2 26.
Kxd2 Kd6 27. h4 b5 28. Ke3 Ke5 29. g4 a5 30. f4+ Kd5 31. Kd3 c5 32. c3 c4+ 33.
Ke3 b4 34. cxb4 axb4 0-1

[Event "National op"]
[Site "Las Vegas USA"]
[Date "1995.??.??"]
[Round "1"]
[White "Fischvogt, Eric"]
[Black "Brodie, Hugh"]
[Result "1/2-1/2"]
[WhiteElo "2210"]
[BlackElo "1985"]
[PlyCount "93"]
[EventDate "1995.??.??"]
[EventType "swiss"]
[EventRounds "6"]
[EventCountry "USA"]

1. d4 e6 2. c4 f5 3. g3 Nf6 4. Bg2 d5 5. Nf3 c6 6. O-O Bd6 7. b3 Qe7 8. Bb2 O-O
9. Nbd2 Ne4 10. Ne5 Nd7 11. f3 Ng5 12. e3 Nf7 13. f4 Nf6 14. c5 Bc7 15. b4 Ne4
16. a4 Nxe5 17. dxe5 b6 18. Nb3 Ba6 19. Re1 bxc5 20. Bxe4 dxe4 21. Nxc5 Bc4 22.
Qc2 Bd5 23. Ba3 Rfc8 24. Rec1 Bb6 25. Qe2 Bxc5 26. Rxc5 Qd8 27. Rac1 a5 28. b5
cxb5 29. Qxb5 Rcb8 30. Qe2 Rb3 31. Bb2 Rab8 32. Bd4 Rb1 33. Rxb1 Rxb1+ 34. Kg2
Rb4 35. Qa6 Rb8 36. Qd6 Qe8 37. Rc7 Qh5 38. Rc1 Qe2+ 39. Kg1 Ra8 40. Qe7 h6 41.
Qd7 Qd2 42. Qc7 Qe2 43. Qc3 Qf3 44. Rf1 Qe2 45. Rf2 Qd1+ 46. Kg2 Qxa4 47. Qc7
1/2-1/2

[Event "National op"]
[Site "Las Vegas USA"]
[Date "1995.??.??"]
[Round "2"]
[White "Brodie, Hugh"]
[Black "Tanner, Robert"]
[Result "1-0"]
[WhiteElo "1985"]
[BlackElo "2210"]
[PlyCount "89"]
[EventDate "1995.??.??"]
[EventType "swiss"]
[EventRounds "6"]
[EventCountry "USA"]

1. e4 e5 2. Nc3 Bc5 3. Bc4 Nf6 4. d3 d6 5. Nf3 Be6 6. Bb3 Nc6 7. Bg5 Nd4 8. Nd5
Bxd5 9. Bxd5 c6 10. Bb3 Ne6 11. Bh4 Nf4 12. O-O Ng6 13. Bg5 h6 14. Bd2 O-O 15.
Qe2 b5 16. c3 Re8 17. g3 Qd7 18. Kg2 Kh8 19. Ne1 d5 20. Rd1 Qe7 21. Nc2 Rad8
22. exd5 Nxd5 23. Qh5 Qf6 24. Bc1 Kh7 25. Qf3 Qxf3+ 26. Kxf3 Nge7 27. d4 exd4
28. Nxd4 Bxd4 29. Rxd4 f6 30. Rfd1 Rd7 31. Re1 Red8 32. Bc2+ g6 33. h4 Kg7 34.
Rde4 h5 35. Re6 Kf7 36. Bb3 c5 37. c4 Nc7 38. cxb5 Rd3+ 39. R6e3+ Kf8 40. Bc4
Rxe3+ 41. Bxe3 Nf5 42. Bxc5+ Kg7 43. Bxa7 Rd7 44. Be3 Nd6 45. Rd1 1-0

[Event "National op"]
[Site "Las Vegas USA"]
[Date "1995.??.??"]
[Round "4"]
[White "Brodie, Hugh"]
[Black "Morris, Michael"]
[Result "1/2-1/2"]
[WhiteElo "1985"]
[BlackElo "2130"]
[PlyCount "82"]
[EventDate "1995.??.??"]
[EventType "swiss"]
[EventRounds "6"]
[EventCountry "USA"]

1. e4 c5 2. Nf3 d6 3. c3 Nf6 4. Bd3 Nc6 5. Bc2 Bg4 6. h3 Bxf3 7. Qxf3 e6 8. O-O
Be7 9. Rd1 Qb6 10. d3 O-O 11. Nd2 d5 12. Nf1 Rad8 13. Ng3 d4 14. Qe2 Nd7 15. f4
g6 16. f5 exf5 17. exf5 Bf6 18. fxg6 hxg6 19. Ne4 Bg7 20. Qf2 Nce5 21. cxd4 Nc6
22. dxc5 Nxc5 23. Nxc5 Bd4 24. Be3 Qxc5 25. Bxd4 Nxd4 26. Rd2 Rde8 27. Kh1 Re5
28. Bd1 Rfe8 29. Bf3 Nxf3 30. gxf3 Qd5 31. d4 Re3 32. Kg2 Qg5+ 33. Kh2 Qf4+ 34.
Kg2 R8e6 35. Rf1 Qf5 36. d5 Re8 37. d6 Rd3 38. Rfd1 Qg5+ 39. Kh2 Qf4+ 40. Kg2
Qg5+ 41. Kh2 Qf4+ 1/2-1/2

[Event "National op"]
[Site "Las Vegas USA"]
[Date "1995.??.??"]
[Round "5"]
[White "Williams, John"]
[Black "Brodie, Hugh"]
[Result "1/2-1/2"]
[WhiteElo "2135"]
[BlackElo "1985"]
[PlyCount "70"]
[EventDate "1995.??.??"]
[EventType "swiss"]
[EventRounds "6"]
[EventCountry "USA"]

1. e4 c5 2. Nf3 Nc6 3. d4 cxd4 4. Nxd4 g6 5. Be3 Bg7 6. Nc3 Nf6 7. Qd2 O-O 8.
f3 d5 9. exd5 Nxd5 10. Nxd5 Nxd4 11. Bxd4 Qxd5 12. Bxg7 Qxd2+ 13. Kxd2 Rd8+ 14.
Bd3 Kxg7 15. Rae1 Kf6 16. g4 Be6 17. b3 Rac8 18. c4 a5 19. a4 Rc7 20. Kc3 Bd5
21. h4 h6 22. Rh2 b6 23. Rd2 Bb7 24. Be4 Rxd2 25. Kxd2 Bxe4 26. Rxe4 e5 27. Kc3
Ke6 28. g5 hxg5 29. hxg5 Kf5 30. b4 axb4+ 31. Kxb4 Rc5 32. Rg4 Ra5 33. Kb3 Ra8
34. Kb4 Ra5 35. Kb3 Ra8 1/2-1/2

[Event "National op"]
[Site "Las Vegas USA"]
[Date "1995.??.??"]
[Round "6"]
[White "Brodie, Hugh"]
[Black "Heywood, Bill"]
[Result "1-0"]
[WhiteElo "1985"]
[BlackElo "2125"]
[PlyCount "93"]
[EventDate "1995.??.??"]
[EventType "swiss"]
[EventRounds "6"]
[EventCountry "USA"]

1. e4 d5 2. d4 c6 3. Nc3 dxe4 4. Nxe4 Bf5 5. Ng3 Bg6 6. Nf3 Nd7 7. h4 h6 8. h5
Bh7 9. Bd3 Bxd3 10. Qxd3 e6 11. Bd2 Ngf6 12. O-O-O Be7 13. Qe2 Qc7 14. Kb1 O-O
15. Ne5 c5 16. Nxd7 Nxd7 17. d5 e5 18. Nf5 Bf6 19. Rh3 Kh8 20. Rg3 Rg8 21. Qe3
Nf8 22. Qf3 Nh7 23. c4 a6 24. Qe4 b5 25. f4 bxc4 26. d6 Qd7 27. fxe5 Rae8 28.
Bf4 Ng5 29. Rxg5 hxg5 30. Bg3 Bxe5 31. Bxe5 f6 32. Rd5 fxe5 33. Ne7 Rxe7 34.
dxe7 Qxe7 35. Qxe5 Qf7 36. Qxg5 Qf1+ 37. Kc2 c3 38. h6 g6 39. Qe5+ Kh7 40. Rd7+
Kxh6 41. Qh2+ Kg5 42. Qg3+ Kf6 43. Qd6+ Kg5 44. Qg3+ Kf6 45. Rd6+ Kf5 46. Rd5+
Kf6 47. Qe5+ 1-0

[Event "RA Winter op"]
[Site "Ottawa CAN"]
[Date "1995.??.??"]
[Round "1"]
[White "Djerkovic, Miladin"]
[Black "Brodie, Hugh"]
[Result "1-0"]
[WhiteElo "2215"]
[BlackElo "2045"]
[PlyCount "63"]
[EventDate "1995.??.??"]
[EventType "swiss"]
[EventRounds "5"]
[EventCountry "CAN"]

1. e4 c5 2. Nf3 Nc6 3. d4 cxd4 4. Nxd4 g6 5. c4 Bg7 6. Be3 Nf6 7. Nc3 Ng4 8.
Qxg4 Nxd4 9. Qd1 e5 10. Bd3 O-O 11. O-O d6 12. Rc1 f5 13. exf5 gxf5 14. f4 Be6
15. Bxd4 exd4 16. Ne2 Qb6 17. Qc2 Rf7 18. Ng3 Qc5 19. Rfe1 Bd7 20. b4 Qxb4 21.
Nxf5 Qc5 22. Ne7+ Kf8 23. Nd5 Bh6 24. g3 Bh3 25. Qe2 Bf5 26. Qh5 Bxd3 27. Qxh6+
Kg8 28. Re7 Rxe7 29. Nxe7+ Kf7 30. Nd5 Bg6 31. f5 d3+ 32. Kg2 1-0

[Event "RA Winter op"]
[Site "Ottawa CAN"]
[Date "1995.??.??"]
[Round "2"]
[White "Donn, David"]
[Black "Brodie, Hugh"]
[Result "1/2-1/2"]
[WhiteElo "2115"]
[BlackElo "2045"]
[PlyCount "61"]
[EventDate "1995.??.??"]
[EventType "swiss"]
[EventRounds "5"]
[EventCountry "CAN"]

1. e4 c5 2. Nf3 Nc6 3. d4 cxd4 4. Nxd4 g6 5. c4 Bg7 6. Be3 Nf6 7. Nc3 Ng4 8.
Qxg4 Nxd4 9. Qd1 e5 10. Bxd4 exd4 11. Nb5 a6 12. Nd6+ Ke7 13. Nxc8+ Rxc8 14.
Bd3 Re8 15. O-O Kf8 16. f4 d6 17. Qg4 Rc7 18. Rf3 Qd7 19. Qh4 Rc5 20. f5 Kg8
21. Raf1 Rce5 22. g4 Rxe4 23. Bxe4 Rxe4 24. h3 Re2 25. R3f2 d3 26. f6 Bf8 27.
Rxe2 dxe2 28. Re1 d5 29. Qf2 dxc4 30. Qxe2 Qc6 31. Qe4 1/2-1/2

[Event "RA Winter op"]
[Site "Ottawa CAN"]
[Date "1995.??.??"]
[Round "4"]
[White "Brodie, Hugh"]
[Black "Leimanis, Eriks"]
[Result "0-1"]
[WhiteElo "2045"]
[BlackElo "2010"]
[PlyCount "60"]
[EventDate "1995.??.??"]
[EventType "swiss"]
[EventRounds "5"]
[EventCountry "CAN"]

1. e4 d6 2. d4 e5 3. Nf3 exd4 4. Bc4 Be7 5. c3 Be6 6. Bxe6 fxe6 7. cxd4 c6 8.
O-O Na6 9. Nc3 Qd7 10. Be3 Nf6 11. Rc1 O-O 12. Qe2 d5 13. e5 Nh5 14. Bg5 Nf4
15. Bxf4 Rxf4 16. Qd2 Raf8 17. Ne2 R4f7 18. a3 Qd8 19. Rc3 c5 20. Ng3 c4 21.
Ne1 b5 22. f4 b4 23. Rcf3 g6 24. axb4 Bxb4 25. Qe3 Bxe1 26. Qxe1 Qb6 27. Qd2
Nb4 28. b3 Nd3 29. bxc4 Qxd4+ 30. Kh1 dxc4 0-1

[Event "RA Winter op"]
[Site "Ottawa CAN"]
[Date "1995.??.??"]
[Round "5"]
[White "Brodie, Hugh"]
[Black "Danilov, Alex"]
[Result "1-0"]
[WhiteElo "2045"]
[BlackElo "1766"]
[PlyCount "149"]
[EventDate "1995.??.??"]
[EventType "swiss"]
[EventRounds "5"]
[EventCountry "CAN"]

1. b3 e5 2. Bb2 Nc6 3. e3 d5 4. Nf3 Bd6 5. Bb5 Qe7 6. d3 Bd7 7. c4 Nf6 8. Bxc6
Bxc6 9. Nc3 d4 10. Nb5 Bb4+ 11. Kf1 a6 12. a3 axb5 13. axb4 Rxa1 14. Qxa1 O-O
15. exd4 exd4 16. Bxd4 Re8 17. Qe1 Qd7 18. Qc3 Bxf3 19. gxf3 Qh3+ 20. Kg1 Qxf3
21. h3 Nh5 22. Be5 f6 23. Bxc7 Re7 24. cxb5 Rd7 25. Qc4+ Qd5 26. b6 Kf8 27.
Qxd5 Rxd5 28. Kg2 Rxd3 29. Ra1 Ke7 30. Ra7 Rxb3 31. Rxb7 Rxb4 32. Rb8 Kd7 33.
Rh8 h6 34. Kf3 Kc6 35. Rd8 f5 36. Rd6+ Kb7 37. Rd5 Rb3+ 38. Kg2 g6 39. Rd7 Nf6
40. Rd6 Ne8 41. Rxg6 Nxc7 42. bxc7 Kxc7 43. Rxh6 Kd7 44. f3 Ke7 45. Kg3 Rb4 46.
Rh4 Rb3 47. Kf4 Kf6 48. Rh6+ Kg7 49. Re6 Kf7 50. Re3 Rb5 51. Re5 Rb4+ 52. Kg5
Rb1 53. Rxf5+ Kg7 54. h4 Rg1+ 55. Kh5 Rf1 56. f4 Rf2 57. Rg5+ Kf6 58. Kg4 Rf1
59. Rf5+ Kg6 60. h5+ Kg7 61. Rg5+ Kh7 62. Rg6 Rg1+ 63. Kf5 Rh1 64. Kg5 Rg1+ 65.
Kf6 Ra1 66. f5 Rh1 67. h6 Rf1 68. Ke6 Re1+ 69. Kf7 Ra1 70. Re6 Ra7+ 71. Re7 Ra1
72. f6 Kxh6 73. Kf8 Kg6 74. f7 Rf1 75. Kg8 1-0

[Event "North Bay int"]
[Site "North Bay CAN"]
[Date "1994.??.??"]
[Round "1"]
[White "Brodie, Hugh"]
[Black "Basque, Roland"]
[Result "1/2-1/2"]
[WhiteElo "2070"]
[BlackElo "2165"]
[PlyCount "42"]
[EventDate "1994.08.04"]
[EventType "swiss"]
[EventRounds "8"]
[EventCountry "CAN"]

1. e4 g6 2. d4 Bg7 3. Nf3 d6 4. Bc4 Nf6 5. Qe2 O-O 6. O-O c6 7. Bb3 Qc7 8. Bg5
Bg4 9. Nbd2 e6 10. h3 Bxf3 11. Nxf3 d5 12. Bxf6 Bxf6 13. exd5 cxd5 14. c3 Nd7
15. Rfe1 Bg7 16. Qd2 Qd6 17. Re2 Rfd8 18. Rae1 Rac8 19. Ba4 Nb6 20. Bb5 a6 21.
Bd3 Nd7 1/2-1/2

[Event "North Bay int"]
[Site "North Bay CAN"]
[Date "1994.??.??"]
[Round "2"]
[White "Amigues, Emmanuel"]
[Black "Brodie, Hugh"]
[Result "0-1"]
[WhiteElo "1915"]
[BlackElo "2070"]
[PlyCount "84"]
[EventDate "1994.08.04"]
[EventType "swiss"]
[EventRounds "8"]
[EventCountry "CAN"]

1. d4 e6 2. Nf3 f5 3. Bg5 Nf6 4. c4 Bb4+ 5. Nc3 b6 6. e3 Bb7 7. Be2 O-O 8. O-O
Bxc3 9. bxc3 Qe8 10. Qb3 Ne4 11. Bh4 Qg6 12. c5 Nd2 13. Qd1 Nxf1 14. Kxf1 Qe8
15. Qb3 Nc6 16. Bg3 Qc8 17. Rb1 Ba6 18. Bxa6 Qxa6+ 19. Kg1 Rac8 20. cxb6 axb6
21. h3 Na5 22. Qc2 d6 23. Ng5 Rce8 24. a4 h6 25. Nf3 Ra8 26. Rb4 Nc6 27. Qa2
Nxb4 28. Qxe6+ Kh7 29. cxb4 Qxa4 30. Nh4 Qe8 31. Qd5 Qe4 32. Qc4 Qe7 33. Nf3
Qf7 34. d5 Rfe8 35. Nd4 Re4 36. Qc6 Ra1+ 37. Kh2 Rxd4 38. exd4 f4 39. Bh4 g5
40. Qc3 Ra8 41. Qc6 Re8 42. Qc2+ Kg7 0-1

[Event "North Bay int"]
[Site "North Bay CAN"]
[Date "1994.??.??"]
[Round "3"]
[White "Drkulec, Vladimir"]
[Black "Brodie, Hugh"]
[Result "1/2-1/2"]
[WhiteElo "2165"]
[BlackElo "2070"]
[PlyCount "106"]
[EventDate "1994.08.04"]
[EventType "swiss"]
[EventRounds "8"]
[EventCountry "CAN"]

1. d4 e6 2. c4 f5 3. g3 Nf6 4. Bg2 d5 5. Nf3 c6 6. Qc2 Bd6 7. O-O O-O 8. b3 Qe7
9. a4 a5 10. Ba3 Na6 11. Bxd6 Qxd6 12. Nbd2 Nb4 13. Qc3 b6 14. Ne5 Ne4 15. Nxe4
fxe4 16. f3 exf3 17. Rxf3 Bb7 18. Raf1 Rxf3 19. Qxf3 Rf8 20. Qxf8+ Qxf8 21.
Rxf8+ Kxf8 22. c5 b5 23. e3 bxa4 24. bxa4 Ba6 25. Bf1 Bxf1 26. Kxf1 Ke7 27. Ke2
Kf6 28. Nf3 Kf5 29. h3 h5 30. Nd2 e5 31. dxe5 Na6 32. Nb3 Kxe5 33. Nxa5 Nxc5
34. Nxc6+ Kd6 35. Nd4 Nxa4 36. Nf5+ Ke5 37. Nxg7 h4 38. g4 Nc3+ 39. Kf3 Ne4 40.
Nf5 Ng5+ 41. Ke2 Nxh3 42. Nxh4 Nf4+ 43. Kf3 Ne6 44. Ng6+ Kf6 45. Nf4 Nc7 46.
Kg3 Ke5 47. Kf3 Kf6 48. Nh3 Ne6 49. Ke2 Ke5 50. Nf2 Ng5 51. Kd3 Ne6 52. Nh3 d4
53. Ng5 Nxg5 1/2-1/2

[Event "North Bay int"]
[Site "North Bay CAN"]
[Date "1994.??.??"]
[Round "4"]
[White "Brodie, Hugh"]
[Black "Frilles, Ruperto"]
[Result "0-1"]
[WhiteElo "2070"]
[BlackElo "2155"]
[PlyCount "81"]
[EventDate "1994.08.04"]
[EventType "swiss"]
[EventRounds "8"]
[EventCountry "CAN"]

1. f4 Nf6 2. Nf3 d5 3. e3 c6 4. d4 e6 5. Bd3 Nbd7 6. O-O g6 7. Nbd2 Bg7 8. c3
O-O 9. Ne5 Nxe5 10. fxe5 Nd7 11. e4 f6 12. exf6 Nxf6 13. e5 Nd7 14. Nf3 c5 15.
Qe2 cxd4 16. cxd4 Qb6 17. Be3 Nb8 18. Ng5 Rf5 19. Bxf5 exf5 20. Rac1 Nc6 21.
Qf3 Ne7 22. Rc2 h6 23. Nh3 g5 24. Rfc1 Be6 25. Qe2 f4 26. Bf2 Rf8 27. Qd2 Ng6
28. Kh1 f3 29. Ng1 fxg2+ 30. Kxg2 Bf5 31. Rc3 Nf4+ 32. Kf1 Qa6+ 33. Ke1 Ng2+
34. Kd1 Qf1+ 35. Be1 Qxg1 36. Rg3 Be4 37. Rcc3 Rf1 38. Rce3 Nxe3+ 39. Rxe3 Qg4+
40. Kc1 Bg6 41. Qa5 0-1

[Event "North Bay int"]
[Site "North Bay CAN"]
[Date "1994.??.??"]
[Round "5"]
[White "Brodie, Hugh"]
[Black "Marshall, Peter"]
[Result "1/2-1/2"]
[WhiteElo "2070"]
[BlackElo "2125"]
[PlyCount "149"]
[EventDate "1994.08.04"]
[EventType "swiss"]
[EventRounds "8"]
[EventCountry "CAN"]

1. f4 Nf6 2. Nf3 d5 3. e3 c5 4. b3 e6 5. Bb2 Bd6 6. Ne5 O-O 7. Be2 Nbd7 8. O-O
Qc7 9. Nxd7 Nxd7 10. Qe1 f6 11. Bg4 Nb6 12. Nc3 a6 13. Ne2 Bd7 14. Qh4 e5 15.
Bxd7 Nxd7 16. Ng3 exf4 17. exf4 c4 18. Qg4 Nc5 19. Bd4 Rae8 20. Nh5 Ne4 21. d3
cxd3 22. cxd3 Bc5 23. Bxc5 Nxc5 24. Rac1 Qe7 25. Rce1 Qf7 26. Qf3 Kh8 27. Ng3
Qd7 28. d4 Ne6 29. Qd3 Qd6 30. f5 Ng5 31. Re3 Rxe3 32. Qxe3 Qa3 33. Re1 Qxa2
34. Qe7 Rg8 35. h4 Qxb3 36. hxg5 Qxg3 37. gxf6 gxf6 38. Qxf6+ Qg7 39. Qxg7+
Rxg7 40. Re8+ Rg8 41. Re7 Rb8 42. f6 b5 43. f7 Rf8 44. Ra7 Kg7 45. Rxa6 Rxf7
46. Rb6 Rf4 47. Rxb5 Rxd4 48. Kf2 Kf6 49. Rb6+ Kg5 50. Ke3 Re4+ 51. Kf3 Rf4+
52. Kg3 Rd4 53. Kf3 h5 54. Ke3 Re4+ 55. Kf3 Rf4+ 56. Ke3 d4+ 57. Kd3 Kh4 58.
Rh6 Rg4 59. Rh8 Rxg2 60. Kxd4 Re2 61. Kd3 Re7 62. Ra8 Kg4 63. Rg8+ Kh3 64. Rg1
h4 65. Rh1+ Kg3 66. Rg1+ Kf2 67. Rh1 Kg3 68. Rg1+ Kf3 69. Rf1+ Kg2 70. Rf8 Rg7
71. Ke2 h3 72. Rf2+ Kg3 73. Rf3+ Kg4 74. Kf2 Ra7 75. Rb3 1/2-1/2

[Event "North Bay int"]
[Site "North Bay CAN"]
[Date "1994.??.??"]
[Round "6"]
[White "Farges, Yves"]
[Black "Brodie, Hugh"]
[Result "1-0"]
[WhiteElo "2070"]
[BlackElo "2070"]
[PlyCount "49"]
[EventDate "1994.08.04"]
[EventType "swiss"]
[EventRounds "8"]
[EventCountry "CAN"]

1. e4 c5 2. Nc3 Nc6 3. f4 g6 4. Nf3 Bg7 5. Bc4 e6 6. e5 d5 7. exd6 Qxd6 8. Ne4
Qe7 9. c3 Nf6 10. d3 Bd7 11. a4 Na5 12. Ba2 b6 13. Ne5 Bc6 14. Nxc6 Nxc6 15.
Qf3 Qd7 16. O-O O-O 17. Be3 Rad8 18. Rad1 Qc7 19. g4 Nd5 20. Bc1 Rd7 21. f5
Rfd8 22. fxe6 fxe6 23. Ng5 Re7 24. Nxe6 Ne5 25. Qxd5 1-0

[Event "North Bay int"]
[Site "North Bay CAN"]
[Date "1994.??.??"]
[Round "7"]
[White "Brodie, Hugh"]
[Black "Yee, Lorne"]
[Result "0-1"]
[WhiteElo "2070"]
[BlackElo "2050"]
[PlyCount "136"]
[EventDate "1994.08.04"]
[EventType "swiss"]
[EventRounds "8"]
[EventCountry "CAN"]

1. e4 c6 2. d3 d5 3. Nd2 e5 4. Ngf3 f6 5. Be2 Be6 6. c3 Nh6 7. d4 Nf7 8. Qc2
Nd7 9. O-O Be7 10. Re1 O-O 11. Bd3 g6 12. dxe5 Ndxe5 13. Nd4 Nxd3 14. Qxd3 Ne5
15. Qe2 Bf7 16. exd5 Qxd5 17. N2f3 Nxf3+ 18. Qxf3 Qxf3 19. Nxf3 Rfe8 20. Be3 c5
21. b3 b5 22. Rad1 Rad8 23. Kf1 a5 24. Rxd8 Rxd8 25. Ke2 a4 26. Rb1 axb3 27.
axb3 Ra8 28. Rb2 Ra3 29. Nd2 Bd5 30. f3 f5 31. g4 Ra1 32. gxf5 gxf5 33. Rc2 Bc6
34. Bf4 Kf7 35. c4 b4 36. Be5 Ra3 37. Ke3 Ke6 38. f4 Bf6 39. Bxf6 Kxf6 40. Rb2
h6 41. Nf3 Ba4 42. Nd2 Kg6 43. Kf2 Bc6 44. Nf3 Bxf3 45. Kxf3 Kh5 46. Kg3 Ra1
47. Kh3 Rc1 48. Rg2 Rf1 49. Re2 Rf3+ 50. Kg2 Rxb3 51. Re5 Kg4 52. Rxc5 Rc3 53.
Kf2 Kxf4 54. Ke2 Ke4 55. Kd2 f4 56. Rh5 Rxc4 57. Rxh6 Kf3 58. Rg6 Kf2 59. h4
Rd4+ 60. Kc2 f3 61. h5 Rh4 62. h6 Ke2 63. Re6+ Kf1 64. Kd2 f2 65. Rb6 b3 66.
Rg6 b2 67. Kc2 Ke2 68. Re6+ Kf3 0-1

[Event "North Bay int"]
[Site "North Bay CAN"]
[Date "1994.??.??"]
[Round "8"]
[White "Lawless, David"]
[Black "Brodie, Hugh"]
[Result "1/2-1/2"]
[WhiteElo "2050"]
[BlackElo "2070"]
[PlyCount "48"]
[EventDate "1994.08.04"]
[EventType "swiss"]
[EventRounds "8"]
[EventCountry "CAN"]

1. e4 c5 2. Nf3 Nc6 3. d4 cxd4 4. Nxd4 g6 5. c4 Bg7 6. Be3 Nf6 7. Nc3 Ng4 8.
Qxg4 Nxd4 9. Qd1 e5 10. Bd3 O-O 11. Qd2 d6 12. Nd5 Be6 13. O-O f5 14. Bxd4 exd4
15. exf5 Bxf5 16. Rfe1 Bxd3 17. Qxd3 Rf7 18. Re2 Qh4 19. Rae1 Raf8 20. Qg3 Qxg3
21. hxg3 d3 22. Rd2 Bd4 23. Ne3 Rc8 24. g4 Rd7 1/2-1/2

[Event "CAN-op"]
[Site "Winnipeg CAN"]
[Date "1994.07.09"]
[Round "1"]
[White "Brodie, Hugh"]
[Black "Tran, Kiet"]
[Result "1-0"]
[WhiteElo "2075"]
[BlackElo "1628"]
[PlyCount "97"]
[EventDate "1994.07.09"]
[EventType "swiss"]
[EventRounds "10"]
[EventCountry "CAN"]

1. e4 e5 2. Nc3 Nf6 3. f4 Nc6 4. fxe5 Nxe5 5. d4 Ng6 6. e5 Ng8 7. Nf3 h6 8. Bc4
d6 9. O-O f6 10. Qd3 N6e7 11. exf6 Nxf6 12. Re1 Qd7 13. Bf4 Qf5 14. Qd2 g5 15.
Bg3 Qg6 16. Nb5 Kd8 17. Qa5 b6 18. Qc3 Ned5 19. Bxd5 Nxd5 20. Qc6 Rb8 21. Qxd5
Bb7 22. Qe6 Qxe6 23. Rxe6 Kd7 24. Rae1 Bd5 25. R6e3 a6 26. Nc3 Bf7 27. Bf2 Re8
28. Rxe8 Bxe8 29. Nd5 Bg6 30. Re2 Bf5 31. b3 Kd8 32. Kf1 Rg8 33. Nf6 c5 34.
Re8+ Kc7 35. Nxg8 Bxc2 36. Rxf8 Bb1 37. a4 Ba2 38. Nd2 b5 39. axb5 axb5 40.
dxc5 dxc5 41. Bxc5 g4 42. Ra8 Bxb3 43. Nxb3 h5 44. Nd4 b4 45. Ra7+ Kd8 46. Nf6
g3 47. Nc6+ Kc8 48. Bd6 gxh2 49. Rc7# 1-0